Optics and spectroscopy / (Record no. 39706)

MARC details
000 -LEADER
fixed length control field 00735nam a22002177a 4500
005 - DATE AND TIME OF LATEST TRANSACTION
control field 2010080609329.0
010 ## - LCCN (DPL NO)
LC control number ENG-98608
020 ## - INTERNATIONAL STANDARD BOOK NUMBER
International Standard Book Number 9788190728195
Terms of availability 125.00
035 ## - SYSTEM CONTROL NUMBER
System control number EN-82141
037 ## - SOURCE OF ACQUISITION
Source of stock number/acquisition DBAD/PUB
082 ## - DEWEY DECIMAL CLASSIFICATION NUMBER
Classification number 535.05
100 ## - MAIN ENTRY--PERSONAL NAME
Personal name Sankar,R.
245 ## - TITLE STATEMENT
Title Optics and spectroscopy /
Statement of responsibility, etc by R.Sankar
260 ## - PUBLICATION, DISTRIBUTION, ETC. (IMPRINT)
Place of publication, distribution, etc Tiruvannamalai
Name of publisher, distributor, etc Image Computers
Date of publication, distribution, etc 2008
270 ## - ADDRESS
Address 52, Car Street
City Tiruvannamalai
Postal code 04175224742
300 ## - PHYSICAL DESCRIPTION
Extent 184p. :
Other physical details ill.
Dimensions 21cm (pbk)
650 ## - SUBJECT ADDED ENTRY--TOPICAL TERM
Topical term or geographic name as entry element Optics
650 ## - SUBJECT ADDED ENTRY--TOPICAL TERM
Topical term or geographic name as entry element Spectrum analism
942 ## - ADDED ENTRY ELEMENTS (KOHA)
Source of classification or shelving scheme Dewey Decimal Classification
Item type Bengali Books
Classification part 535.05
Call number suffix SAN
Holdings
Withdrawn status Lost status Not for loan Collection code Home library Current library Date acquired Source of acquisition Cost, normal purchase price Full call number Barcode Copy number Cost, replacement price Koha item type
    Not For Loan Non-fiction D.B.Act.Division D.B.Act.Division 06/08/2010 DBAD/PUB 125.00 535.05 SAN EN-82141 1 125.00 English Books

© Delhi Public Library
Hit Counter
free hit counter